IDEA picture dictionary. (Record no. 17390)

MARC details
000 -LEADER
fixed length control field 01206cam a2200325 a 4500
001 - CONTROL NUMBER
control field 13916308
003 - CONTROL NUMBER IDENTIFIER
control field DLC
005 - DATE AND TIME OF LATEST TRANSACTION
control field 20170607154409.0
008 - FIXED-LENGTH DATA ELEMENTS--GENERAL INFORMATION
fixed length control field 050331s2004 caua j d 000 0 eng d
010 ## - LIBRARY OF CONGRESS CONTROL NUMBER
LC control number 2005272456
020 ## - INTERNATIONAL STANDARD BOOK NUMBER
International Standard Book Number 1555015239
020 ## - INTERNATIONAL STANDARD BOOK NUMBER
International Standard Book Number 9781555015237
035 ## - SYSTEM CONTROL NUMBER
System control number (OCoLC)ocm57688836
040 ## - CATALOGING SOURCE
Original cataloging agency CQF
Transcribing agency CQF
Modifying agency DLC
041 ## - LANGUAGE CODE
Language code of text/sound track or separate title spa
042 ## - AUTHENTICATION CODE
Authentication code lccopycat
050 00 - LIBRARY OF CONGRESS CALL NUMBER
Classification number PE1629
Item number .I329 2004
082 00 - DEWEY DECIMAL CLASSIFICATION NUMBER
Classification number 423
Edition number 22
245 00 - TITLE STATEMENT
Title IDEA picture dictionary.
Number of part/section of a work 1 :
Remainder of title an IDEA language development resource.
246 30 - VARYING FORM OF TITLE
Title proper/short title Picture dictionary.
Number of part/section of a work 1
260 ## - PUBLICATION, DISTRIBUTION, ETC. (IMPRINT)
Place of publication, distribution, etc. Brea, CA :
Name of publisher, distributor, etc. Ballard & Tighe,
Date of publication, distribution, etc. c2004.
300 ## - PHYSICAL DESCRIPTION
Extent 152 p. :
Other physical details col. ill. ;
Dimensions 29 cm.
500 ## - GENERAL NOTE
General note "With links to fun activities online"--Cover.
520 ## - SUMMARY, ETC.
Summary, etc. A dictionary for early elementary grades, with each word portrayed in the accompanying illustration. Words are also given in Spanish, Vietnamese, Hmong, Filipino, Chinese, and French.
650 #0 - SUBJECT ADDED ENTRY--TOPICAL TERM
Topical term or geographic name as entry element English language
Form subdivision Dictionaries, Juvenile.
650 #0 - SUBJECT ADDED ENTRY--TOPICAL TERM
Topical term or geographic name as entry element Spanish language
Form subdivision Dictionaries, Juvenile.
650 #0 - SUBJECT ADDED ENTRY--TOPICAL TERM
Topical term or geographic name as entry element Picture dictionaries, Polyglot
General subdivision Juvenile literature.
942 ## - ADDED ENTRY ELEMENTS (KOHA)
Koha item type Libro/Book
Holdings
Withdrawn status Lost status Damaged status Not for loan Home library Current library Shelving location Date acquired Inventory number Total Checkouts Full call number Barcode Date last seen Price effective from Koha item type
        San Juan Del Sur -- Biblioteca San Juan Del Sur -- Biblioteca English 18/07/2017 Inventory date: 15-5-25   REF 30024433 07/10/2019 18/07/2017 Reference

Powered by Koha